| 000 | 03269cam a22004574i 4500 | ||
|---|---|---|---|
| 003 | PE-LiUPU | ||
| 005 | 20250731165416.0 | ||
| 008 | 151202s2005 pe grm 000 0 spa d | ||
| 035 | _a(Sirsi) a155391 | ||
| 040 |
_aPE-LiUPU _bspa _cPE-LiUPU _erda |
||
| 099 |
_aSP 3 _bR63 2005 |
||
| 100 | 1 |
_aRios De los Rios, Guadalupe Olinda _eautor |
|
| 245 | 1 |
_aImpacto de una intervención educativa en los conocimientos y creencias sobre la prevención de la osteoporosis, de las adolescentes de un Colegio de Mujeres de la Urbanización Ingeniería en Lima-Perú, 2005 / _cGuadalupe Olinda Rios De los Rios. |
|
| 264 | 0 | _c2005. | |
| 300 |
_a102 hojas _c30 cm |
||
| 336 |
_atext _2rdacontent |
||
| 337 |
_aunmediated _2rdamedia |
||
| 338 |
_avolume _2rdacarrier |
||
| 502 |
_aTesis _b(Mg.) -- _cUniversidad Peruana Unión, _d2005. |
||
| 504 | _aIncluye referencias | ||
| 520 | 3 | _aLa prevención de la osteoporosis debe empezar desde la adolescencia por ser la etapa en la que los adolescentes pueden alcanzar el pico de masa ósea necesario para disminuir el riesgo de adquirir la enfermedad; en este contexto el colegio brinda una excelente oportunidad para realizar actividades de prevención de la enfermedad, estas deben estar enfocados en alcanzar y preservar la masa ósea, para lo cual es necesario actuar sobre los factores de riesgo modificables que puede afectarla, como son el consumo adecuado del calcio y la realización de un programa de ejercicios en forma permanente. El objetivo de la intervención fue determinar el impacto de una intervención educativa en las adolescentes escolares, respecto a los conocimientos sobre la enfermedad, así como en la auto eficacia para el consumo de calcio que son aspectos relacionados a la prevención de la osteoporosis, para lo cual se tomó una muestra por conveniencia de 36 adolescentes mujeres que participaron de cuatro sesiones educativas; estas sesiones estuvieron basadas en la Teoría de Creencia en Salud. Las medidas utilizadas para la evaluación, fueron un pre-test, un post-test y la diferencia de medias; encontrando un incremento cognitivo post intervención de 4.97, con una significancia estadística de p< .005; los resultados encontrados acerca de la creencia en la auto eficacia para el consumo de calcio, no fueron estadísticamente significativos. El implementar programas educativos dirigidos a los adolescentes relacionados a la prevención de la Osteoporosis, permite que estos incrementen sus conocimientos sobe la enfermedad y adquieran habilidades para realizar cambios de conducta que permitan optimizar la adquisición de la masa ósea y evitar factores que aceleren la pérdida fisiológica de ésta. | |
| 526 | _aSEG44 | ||
| 526 | _aSEG26 | ||
| 526 | _aP151 | ||
| 526 | _aP150 | ||
| 526 | _aP149 | ||
| 526 | _aP146 | ||
| 526 | _aP145 | ||
| 526 | _aP126 | ||
| 526 | _aP125 | ||
| 526 | _aP92 | ||
| 526 | _aP75 | ||
| 526 | _aP74 | ||
| 526 | _aP27 | ||
| 526 | _aP15 | ||
| 650 | 0 | 4 |
_aOsteoporosis _xPrevención. |
| 650 | 0 | 4 |
_aAdolescentes _xOstoporosis. |
| 596 | _a1 | ||
| 942 |
_2ddc _cTESIS |
||
| 999 |
_aSP 3 R63 2005 _wALPHANUM _c8075 _iT00456 _lCCODEBUL3 _mBUL _r1 _sY _tTESIS _u2015-12-2 _xPOSGRADO _PP82 _o.STAFF. Tesis _d8075 |
||
| 980 |
_81 _gALBERTO SANCHEZ Responsable de Automatización |
||